000 00301nam a2200121Ia 4500
008 190802s9999 xx 000 0 und d
020 _a978-93-528-6230-6
100 _aJohn R Boatright
245 0 _aEthics and the Conduct of Business
260 _aUSA
_bWiley
_c2018
300 _a555:p
942 _cBK
999 _c2364
_d2364